[Event "XXVI. Rhein-Main-Open, Gruppe A"]
[Site "Bad Homburg vor der Höhe"]
[Date "2024.06.02"]
[Round "7"]
[White "Bach, Oliver"]
[Black "Kopf, Rainer"]
[Result "0-1"]
[WhiteElo "1805"]
[BlackElo "1903"]
[PlyCount "136"]
[EventDate "2024.??.??"]
[WhiteTeam "Sabt Frankfurter TV 1860"]
[BlackTeam "SC Bellheim"]

1. d4 e6 2. Nf3 c5 3. d5 exd5 4. Qxd5 Nf6 5. Qd1 d5 6. e3 Nc6 7. c4 Bf5 8. cxd5 Nxd5 9. Qa4 Ndb4 10. Na3 a6 11. Be2 Be7 12. O-O O-O 13. Bd2 Bf6 14. Bc3 Qe7 15. Bxf6 Qxf6 16. Qb3 Be6 17. Qc3 Bxa2 18. Qxf6 gxf6 19. Rfc1 b6 20. Nc4 Bxc4 21. Bxc4 Ne5 22. Be2 a5 23. b3 Rad8 24. Rd1 Rfe8 25. Nxe5 fxe5 26. Rxd8 Rxd8 27. Rd1 Rxd1+ 28. Bxd1 Kf8 29. Kf1 Ke7 30. Be2 Kd6 31. Bb5 Na2 32. Ke1 f6 33. Kd2 Kd5 34. f3 h6 35. g4 Nb4 36. Kc3 Kd6 37. Be8 Nd5+ 38. Kd3 Nc7 39. Bf7 b5 40. h4 Ke7 41. Bg8 Kf8 42. Bh7 Ne8 43. f4 exf4 44. exf4 Nd6 45. Kc3 Kg7 46. Bc2 f5 47. g5 hxg5 48. hxg5 Kg6 49. Bd1 Ne4+ 50. Kc2 Nd6 51. Be2 b4 52. Kd3 Ne4 53. Bf3 Nd6 54. Bd5 Nc8 55. Be6 Nb6 56. Bg8 a4 57. bxa4 Nxa4 58. Kc4 Nb2+ 59. Kxc5 Nd3+ 60. Kc4 Nxf4 61. Kxb4 Kxg5 62. Kc3 Ng2 63. Kd2 Kh4 64. Ke2 Kg3 65. Kf1 f4 66. Bh7 f3 67. Bd3 f2 68. Ba6 Ne3+ 0-1

[Event "XXVI. Rhein-Main-Open, Gruppe A"]
[Site "Bad Homburg vor der Höhe"]
[Date "2024.06.02"]
[Round "7"]
[White "Bollmann, Henrik"]
[Black "Werner, Claus"]
[Result "1/2-1/2"]
[WhiteElo "2084"]
[BlackElo "2179"]
[PlyCount "32"]
[EventDate "2024.??.??"]
[WhiteTeam "SC Bad Nauheim"]
[BlackTeam "SG Post/Süd Regensburg"]

1. c4 c5 2. Nf3 Nf6 3. g3 d5 4. cxd5 Nxd5 5. Bg2 Nc6 6. d4 e6 7. O-O Be7 8. dxc5 Bxc5 9. Qc2 Qe7 10. a3 a5 11. Nc3 Nxc3 12. Qxc3 O-O 13. Bf4 f6 14. Rac1 Ba7 15. Qb3 Kh8 16. Be3 Bxe3 1/2-1/2

[Event "XXVI. Rhein-Main-Open, Gruppe A"]
[Site "Bad Homburg vor der Höhe"]
[Date "2024.06.02"]
[Round "7"]
[White "Eull, Emil"]
[Black "Minor, Samuel"]
[Result "1/2-1/2"]
[WhiteElo "2113"]
[BlackElo "2210"]
[PlyCount "34"]
[EventDate "2024.??.??"]
[WhiteTeam "SF Neuberg"]
[BlackTeam "Wiesbadener SV 1885"]

1. c4 Nf6 2. Nf3 e6 3. b3 c5 4. Bb2 b6 5. g3 Bb7 6. Bg2 Be7 7. O-O O-O 8. Nc3 d5 9. cxd5 Nxd5 10. Nxd5 Bxd5 11. d4 Bf6 12. Qd2 cxd4 13. Bxd4 Nc6 14. Bxf6 Qxf6 15. Rac1 Rac8 16. Rfd1 Rfd8 17. Qe1 Bxf3 1/2-1/2

[Event "XXVI. Rhein-Main-Open, Gruppe A"]
[Site "Bad Homburg vor der Höhe"]
[Date "2024.06.02"]
[Round "7"]
[White "Falkenhainer, Sven"]
[Black "Feick, Claas Marten"]
[Result "0-1"]
[WhiteElo "1843"]
[BlackElo "1772"]
[PlyCount "100"]
[EventDate "2024.??.??"]
[WhiteTeam "SC Bergen-Enkheim 1922"]
[BlackTeam "SF Neuberg"]

1. e4 c6 2. d4 d5 3. exd5 cxd5 4. Nf3 Nc6 5. Bd3 Bg4 6. c3 e6 7. O-O Bd6 8. Nbd2 Nge7 9. Qc2 Qc7 10. h3 Bh5 11. b3 Rc8 12. Bb2 Nb4 13. Qb1 Nxd3 14. Qxd3 Bg6 15. Qb5+ Nc6 16. Nh4 Bh5 17. g4 Bg6 18. Ng2 h5 19. g5 Bf4 20. Nf3 Be4 21. Ngh4 f6 22. g6 Rh6 23. Bc1 Bxf3 24. Nxf3 Rxg6+ 25. Kh1 Bxc1 26. Raxc1 Qf4 27. Qd3 Kf7 28. Rg1 Rh6 29. Rce1 g5 30. Qe3 Qf5 31. Kh2 Rg8 32. Nd2 Rgg6 33. c4 Nb4 34. cxd5 Nxd5 35. Qg3 h4 36. Qf3 Qf4+ 37. Qxf4 Nxf4 38. Ne4 Ke7 39. Re3 Nd5 40. Re2 b6 41. Rc2 Rh8 42. f4 Rhg8 43. fxg5 f5 44. Nd2 Rxg5 45. Rxg5 Rxg5 46. Nf3 Rg3 47. Nxh4 Rd3 48. Re2 Rxh3+ 49. Kxh3 Nf4+ 50. Kh2 Nxe2 0-1

[Event "XXVI. Rhein-Main-Open, Gruppe A"]
[Site "Bad Homburg vor der Höhe"]
[Date "2024.06.02"]
[Round "7"]
[White "Faqiry, Ramat"]
[Black "Wilk, Jan"]
[Result "1-0"]
[WhiteElo "1982"]
[BlackElo "1874"]
[PlyCount "111"]
[EventDate "2024.??.??"]
[WhiteTeam "SK Bad Homburg 1927"]
[BlackTeam "SC Bellheim"]

1. b3 Nf6 2. Bb2 e6 3. Nc3 d5 4. e3 c5 5. g4 d4 6. exd4 cxd4 7. Nb5 e5 8. Qe2 Nc6 9. Bg2 Be6 10. g5 Nd5 11. Nh3 a6 12. Na3 Qd7 13. Qf3 Bd6 14. O-O-O Nb6 15. Rde1 Bg4 16. Qg3 O-O 17. f3 Bf5 18. Nf2 Qc7 19. Ne4 Bxe4 20. fxe4 Qe7 21. Nb1 Rac8 22. a3 Nd8 23. h4 Ne6 24. Bh3 Rc7 25. d3 Rfc8 26. Rh2 Nd7 27. Rg1 Nf4 28. Bf5 g6 29. Bg4 Rc6 30. h5 R8c7 31. hxg6 fxg6 32. Rgh1 Nf8 33. Bd1 N8e6 34. Rxh7 Qxh7 35. Rxh7 Rxh7 36. Nd2 Rh3 37. Qg4 Nxd3+ 38. Kb1 Ndf4 39. Nc4 Bc7 40. Bc1 Rh2 41. Bxf4 exf4 42. e5 Kf7 43. Bf3 Rc5 44. Be4 Bxe5 45. Bxg6+ Ke7 46. Be4 Bg7 47. Nb6 Rxg5 48. Qd1 Nc5 49. Qe1 Be5 50. Qb4 Rg1+ 51. Ka2 Bd6 52. Nc8+ Kd7 53. Bf5+ Kd8 54. Qb6+ Bc7 55. Qf6+ Ke8 56. Qe7# 1-0

[Event "XXVI. Rhein-Main-Open, Gruppe A"]
[Site "Bad Homburg vor der Höhe"]
[Date "2024.06.02"]
[Round "7"]
[White "Fischer, Daniel"]
[Black "Stiller, Bjoern"]
[Result "1-0"]
[WhiteElo "1977"]
[BlackElo "1815"]
[PlyCount "43"]
[EventDate "2024.??.??"]
[BlackTeam "SSG Hungen-Lich"]

1. Nf3 d5 2. g3 Nf6 3. Bg2 c6 4. c4 e6 5. b3 Be7 6. O-O O-O 7. Bb2 Nbd7 8. d3 a5 9. Nc3 Rb8 10. Rc1 Re8 11. e3 Bf8 12. Qc2 g6 13. Rfd1 Qe7 14. d4 dxc4 15. bxc4 Nb6 16. Nd2 Rd8 17. Nce4 Nxe4 18. Nxe4 Bg7 19. d5 exd5 20. Bxg7 Kxg7 21. Qb2+ f6 22. Qxb6 1-0

[Event "XXVI. Rhein-Main-Open, Gruppe A"]
[Site "Bad Homburg vor der Höhe"]
[Date "2024.06.02"]
[Round "7"]
[White "Foerster Yialamas, Lucas"]
[Black "Busch, Lorenz"]
[Result "1-0"]
[WhiteElo "2116"]
[BlackElo "1995"]
[PlyCount "47"]
[EventDate "2024.??.??"]
[WhiteTeam "Sabt Frankfurter TV 1860"]
[BlackTeam "SC Bellheim"]

1. e4 e6 2. d4 d5 3. Nc3 Nf6 4. e5 Nfd7 5. f4 c5 6. Nf3 Nc6 7. Be3 cxd4 8. Nxd4 Qb6 9. Qd2 Qxb2 10. Rb1 Qa3 11. Bb5 Nxd4 12. Bxd4 Bb4 13. O-O O-O 14. Rf3 Qa5 15. Qe3 f5 16. exf6 Nxf6 17. Rxb4 Qxb4 18. Bc5 Qa5 19. Bxf8 Kxf8 20. Qc5+ Kg8 21. Qe7 Qb6+ 22. Kh1 a6 23. Be8 h6 24. Rg3 1-0

[Event "XXVI. Rhein-Main-Open, Gruppe A"]
[Site "Bad Homburg vor der Höhe"]
[Date "2024.06.02"]
[Round "7"]
[White "Gerhard, Dominik"]
[Black "Qayumi, Roman"]
[Result "1/2-1/2"]
[WhiteElo "1781"]
[BlackElo "1889"]
[PlyCount "107"]
[EventDate "2024.??.??"]
[WhiteTeam "SV Oberursel"]
[BlackTeam "SK Stadtallendorf"]

1. c4 c6 2. d4 d5 3. Nf3 Nf6 4. Nc3 e6 5. cxd5 exd5 6. Bg5 Be7 7. Qc2 g6 8. e3 Bf5 9. Bd3 Bxd3 10. Qxd3 Nbd7 11. O-O O-O 12. Rab1 Re8 13. b4 a6 14. a4 Ne4 15. Bxe7 Qxe7 16. b5 axb5 17. axb5 Ra3 18. Rfc1 Rea8 19. bxc6 bxc6 20. Nd2 Ndf6 21. f3 Nd6 22. Qe2 Nf5 23. e4 Nxd4 24. Qf2 Qc5 25. Nxd5 Ne2+ 26. Kf1 Qxf2+ 27. Kxf2 Nxc1 28. Nxf6+ Kg7 29. Rxc1 Kxf6 30. Rxc6+ Ke7 31. Rc5 Rd8 32. Nf1 Ra2+ 33. Kg3 Re2 34. Rc3 Kf6 35. Ne3 Rd7 36. Nd5+ Ke5 37. Rc5 Kd6 38. Rc3 Ke5 39. Rc5 Kd6 40. Rc3 Ra7 41. Rd3 Ke5 42. Ne3 Raa2 43. Rd5+ Ke6 44. Rd3 Ra7 45. Nd5 Rea2 46. Ne3 R2a3 47. Rxa3 Rxa3 48. Kf2 Ra2+ 49. Kg3 Ke5 50. Ng4+ Ke6 51. Ne3 Ra3 52. Kf2 Ra1 53. Kg3 Ra3 54. Kf2 1/2-1/2

[Event "XXVI. Rhein-Main-Open, Gruppe A"]
[Site "Bad Homburg vor der Höhe"]
[Date "2024.06.02"]
[Round "7"]
[White "Hagner, Bennet"]
[Black "Neukirchner, Pascal"]
[Result "0-1"]
[WhiteElo "2314"]
[BlackElo "2212"]
[PlyCount "74"]
[EventDate "2024.??.??"]
[WhiteTeam "OSG Baden-Baden"]
[BlackTeam "SK Gründau"]

1. e4 c5 2. Nc3 d6 3. Nge2 g6 4. d4 cxd4 5. Nxd4 Nf6 6. Be3 Bg7 7. f3 a6 8. Bc4 b5 9. Bb3 Nbd7 10. Qd2 h5 11. O-O-O Nc5 12. Kb1 Bd7 13. a3 Qc7 14. Rhe1 O-O 15. Bg5 Na4 16. Nd5 Nxd5 17. exd5 Rfe8 18. Bxe7 Rac8 19. Re2 a5 20. Rde1 Qc5 21. Re4 Nxb2 22. Kxb2 a4 23. Qb4 axb3 24. c3 Qxd5 25. Qxd6 Qc4 26. Qb4 Qd3 27. Qxb3 Bf5 28. Rd1 Bxe4 29. Rxd3 Bxd3 30. Qb4 Rc7 31. Bd6 Rc4 32. Qxb5 Re1 33. Bb4 Bxd4 34. Qb8+ Kh7 35. Qd6 Bxc3+ 36. Bxc3 Rb1+ 37. Ka2 Rxc3 0-1

[Event "XXVI. Rhein-Main-Open, Gruppe A"]
[Site "Bad Homburg vor der Höhe"]
[Date "2024.06.02"]
[Round "7"]
[White "Henn, Jakob"]
[Black "Dornblueth, Christian"]
[Result "0-1"]
[WhiteElo "1760"]
[BlackElo "1937"]
[PlyCount "114"]
[EventDate "2024.??.??"]
[WhiteTeam "SC Bad Nauheim"]
[BlackTeam "SF Heidelberg"]

1. e4 c5 2. Nf3 d6 3. c3 Nf6 4. Be2 Bd7 5. Qc2 Nc6 6. d4 cxd4 7. cxd4 d5 8. e5 Ne4 9. O-O Rc8 10. Qb3 e6 11. Nbd2 Rc7 12. Bd3 f5 13. exf6 Nxf6 14. Re1 Be7 15. Nf1 O-O 16. Bd2 Bd6 17. Bc3 Bc8 18. Re2 Re7 19. Rae1 Kh8 20. a3 Nh5 21. Bb1 Ref7 22. Qc2 g6 23. N1d2 b6 24. g3 Rxf3 25. Nxf3 Rxf3 26. Qd2 Qf8 27. Ba2 Ne7 28. a4 Bd7 29. a5 Nf6 30. Bb1 Kg7 31. axb6 axb6 32. Bc2 Nh5 33. Ra1 Nc6 34. Ra6 Bc7 35. Ba4 Rf7 36. Bxc6 Bxc6 37. Ra1 Bd7 38. Ra7 Bd6 39. Re1 Nf6 40. Re2 h5 41. Kg2 Kh7 42. f3 Ng8 43. Re1 Nh6 44. Rea1 Bb8 45. Bb4 Qd8 46. Ra8 Bc6 47. R8a6 Bb7 48. R6a3 h4 49. Qe3 Qf6 50. Re1 Bc8 51. g4 Bf4 52. Qf2 Rc7 53. Rc3 Rc4 54. Rxc4 dxc4 55. Bd2 Bxd2 56. Qxd2 Bb7 57. Qf2 Nxg4 0-1

[Event "XXVI. Rhein-Main-Open, Gruppe A"]
[Site "Bad Homburg vor der Höhe"]
[Date "2024.06.02"]
[Round "7"]
[White "Hinz, Andre"]
[Black "Schmitt, Clemens"]
[Result "1-0"]
[WhiteElo "1855"]
[BlackElo "1884"]
[PlyCount "61"]
[EventDate "2024.??.??"]
[WhiteTeam "SC Brett vorm Kopp Ffm"]
[BlackTeam "SV Bergwinkel"]

1. c4 c5 2. Nc3 Nc6 3. Nf3 g6 4. e3 Nf6 5. d4 cxd4 6. exd4 d5 7. cxd5 Nxd5 8. Bb5 Bg7 9. Ne5 Qd6 10. Qf3 O-O 11. Nxc6 Nxc3 12. bxc3 bxc6 13. Bxc6 Rb8 14. O-O Ba6 15. Rd1 Rbc8 16. Bb7 Bxb7 17. Qxb7 Rxc3 18. Qxa7 Rc2 19. Be3 Rfc8 20. a4 e6 21. a5 Qd5 22. h3 Qf5 23. a6 Bh6 24. Qb7 Bxe3 25. fxe3 Qf2+ 26. Kh1 R8c6 27. Rg1 Rc7 28. Qb8+ Kg7 29. a7 Qg3 30. a8=Q Rxg2 31. Qxg2 1-0

[Event "XXVI. Rhein-Main-Open, Gruppe A"]
[Site "Bad Homburg vor der Höhe"]
[Date "2024.06.02"]
[Round "7"]
[White "Hipler, Andreas"]
[Black "Iwanziw, Niklas"]
[Result "0-1"]
[WhiteElo "1884"]
[BlackElo "1932"]
[PlyCount "62"]
[EventDate "2024.??.??"]
[WhiteTeam "SK Gau-Algesheim"]
[BlackTeam "SF Neuberg"]

1. d4 Nf6 2. Nf3 d5 3. g3 c5 4. Bg2 cxd4 5. O-O h6 6. b3 g6 7. Bb2 Bg7 8. Nxd4 O-O 9. e3 e5 10. Nf3 e4 11. Nd4 Bg4 12. f3 exf3 13. Bxf3 h5 14. Bxg4 Nxg4 15. Qf3 Qe7 16. Re1 Qd7 17. Nc3 Rd8 18. Rad1 Nc6 19. Nde2 Nce5 20. Qh1 Nxe3 21. Rd2 Qg4 22. Nd4 Nxc2 23. Rxc2 Qxd4+ 24. Kg2 Qg4 25. Qf1 h4 26. Rf2 hxg3 27. hxg3 Rd7 28. Rf4 Qg5 29. Qb5 Rad8 30. Na4 a6 31. Qb6 Nd3 0-1

[Event "XXVI. Rhein-Main-Open, Gruppe A"]
[Site "Bad Homburg vor der Höhe"]
[Date "2024.06.02"]
[Round "7"]
[White "Hoelss, Manuel"]
[Black "Knuplesch, Ulrich"]
[Result "0-1"]
[WhiteElo "1788"]
[BlackElo "1725"]
[PlyCount "90"]
[EventDate "2024.??.??"]
[WhiteTeam "SSG Hungen-Lich"]
[BlackTeam "SK Bad Homburg 1927"]

1. e4 c6 2. d4 d5 3. exd5 cxd5 4. c4 Nf6 5. Nc3 Nc6 6. Nf3 Bg4 7. Be3 e6 8. c5 a6 9. Na4 Nd7 10. Be2 g6 11. Bg5 f6 12. Bd2 Bxf3 13. Bxf3 Nxd4 14. Bc3 Nxf3+ 15. Qxf3 Bg7 16. O-O O-O 17. Rfe1 Re8 18. Re2 Qc7 19. Rae1 Qc6 20. Nb6 Nxb6 21. cxb6 e5 22. Qe3 Rad8 23. Rc1 Qb5 24. Qd2 Rd7 25. Ba5 d4 26. Rc7 Red8 27. Re1 Bf8 28. Rec1 Qd5 29. Rxd7 Rxd7 30. Rc8 Kg7 31. a3 e4 32. Qc1 Qxa5 33. Rc7 Qd5 34. Rxd7+ Qxd7 35. Qc7 Qe7 36. Kf1 Kh8 37. Ke1 f5 38. Kd1 e3 39. fxe3 dxe3 40. Qc3+ Kg8 41. Qb3+ Kg7 42. Qc3+ Kh6 43. Qc7 Qd6+ 44. Ke2 Qd2+ 45. Kf3 Qf2# 0-1

[Event "XXVI. Rhein-Main-Open, Gruppe A"]
[Site "Bad Homburg vor der Höhe"]
[Date "2024.06.02"]
[Round "7"]
[White "Hoelss, Silas"]
[Black "Pichl, Christoph"]
[Result "0-1"]
[WhiteElo "1756"]
[BlackElo "1837"]
[PlyCount "76"]
[EventDate "2024.??.??"]
[WhiteTeam "SSG Hungen-Lich"]
[BlackTeam "SK Bad Homburg 1927"]

1. e4 e6 2. d4 d5 3. exd5 exd5 4. Nf3 Bd6 5. Nc3 c6 6. Bd3 Ne7 7. h3 O-O 8. O-O Bf5 9. Re1 Bxd3 10. Qxd3 Nd7 11. Ne2 Ng6 12. Ng3 Bxg3 13. fxg3 Qc7 14. Ng5 Nf6 15. Rf1 Rae8 16. Bf4 Qd7 17. Rae1 Rxe1 18. Rxe1 Nh5 19. Bd2 h6 20. Ne6 Re8 21. Nc5 Rxe1+ 22. Bxe1 Qe7 23. Bd2 b6 24. Na6 Qd6 25. Kf2 Nf6 26. Kf3 Ne4 27. Bf4 Nxf4 28. gxf4 g5 29. g3 gxf4 30. gxf4 Qg6 31. Qe3 Qg3+ 32. Ke2 Qg2+ 33. Ke1 Qxc2 34. Qe2 Qc1+ 35. Qd1 Qe3+ 36. Qe2 Qc1+ 37. Qd1 Qe3+ 38. Qe2 Qxh3 0-1

[Event "XXVI. Rhein-Main-Open, Gruppe A"]
[Site "Bad Homburg vor der Höhe"]
[Date "2024.06.02"]
[Round "7"]
[White "Hornung, Thomas"]
[Black "Klemp, Torben"]
[Result "1-0"]
[WhiteElo "2031"]
[BlackElo "1893"]
[PlyCount "79"]
[EventDate "2024.??.??"]
[WhiteTeam "SK Eberstadt 1924"]
[BlackTeam "SV Oberursel"]

1. d4 d5 2. c4 e6 3. Nf3 a6 4. e3 Nf6 5. Nbd2 c5 6. Be2 Nc6 7. O-O dxc4 8. Nxc4 b5 9. Nce5 Bb7 10. Nxc6 Bxc6 11. dxc5 Qxd1 12. Rxd1 Bxc5 13. Bd2 Bd5 14. b4 Bd6 15. Be1 Ke7 16. Nd4 Rac8 17. a4 Bc4 18. axb5 Bxe2 19. Nxe2 axb5 20. Ra7+ Rc7 21. Rxc7+ Bxc7 22. Nd4 Nd5 23. Nxb5 Be5 24. Nd4 Bxd4 25. Rxd4 Ra8 26. g3 f5 27. Rd1 Rb8 28. Rb1 Kd6 29. Kf1 e5 30. Ke2 e4 31. f3 g5 32. fxe4 fxe4 33. g4 Rb5 34. Rd1 Ke6 35. Rd4 Nf6 36. h3 Rd5 37. Rc4 Kd7 38. Bc3 Ke7 39. Bxf6+ Kxf6 40. Rxe4 1-0

[Event "XXVI. Rhein-Main-Open, Gruppe A"]
[Site "Bad Homburg vor der Höhe"]
[Date "2024.06.02"]
[Round "7"]
[White "Jakob, Steffen"]
[Black "Mandalka, Justus"]
[Result "0-1"]
[WhiteElo "1836"]
[BlackElo "1837"]
[PlyCount "182"]
[EventDate "2024.??.??"]
[WhiteTeam "Sges Bensheim 1931"]
[BlackTeam "SK Bad Homburg 1927"]

1. e4 c5 2. Be2 Nc6 3. d3 g6 4. f4 Bg7 5. Nf3 d6 6. c3 Qb6 7. Qb3 Be6 8. Qa4 O-O-O 9. Na3 Nf6 10. Ng5 Rhf8 11. Nxe6 fxe6 12. Nc4 Qc7 13. Ne3 e5 14. O-O exf4 15. Nd5 Qd7 16. Bxf4 Kb8 17. Qc2 h6 18. a3 g5 19. Bg3 h5 20. Nxf6 Bxf6 21. Bxh5 Rh8 22. Qe2 Rh6 23. Bg4 Qc7 24. Rad1 Rdh8 25. h3 Qb6 26. Bf2 Ne5 27. Rd2 Ng6 28. Be3 Nf4 29. Qf3 Ng6 30. Qe2 Qc6 31. Rc2 Ne5 32. Bf2 Ka8 33. Bg3 Ng6 34. Qd2 a6 35. Rcc1 Qb5 36. b4 Be5 37. Qe3 Bxg3 38. Qxg3 Nf4 39. c4 Qa4 40. Ra1 cxb4 41. axb4 Qxb4 42. Qe3 Qb2 43. Qg3 Qd4+ 44. Kh2 Qxd3 45. Qxd3 Nxd3 46. Rfb1 Ne5 47. Be2 g4 48. Bf1 gxh3 49. gxh3 Nf3+ 50. Kg3 Nd2 51. Re1 Rg6+ 52. Kf2 Nxf1 53. Kxf1 Rxh3 54. Kf2 Rf6+ 55. Ke2 Rf4 56. Kd2 Rhh4 57. Kd3 e5 58. Re3 Ka7 59. Rb1 Rh2 60. Rc1 Ra2 61. c5 Rff2 62. Kc4 Rfc2+ 63. Rc3 Ra4+ 64. Kd3 Rxc1 65. Rxc1 Rd4+ 66. Ke3 d5 67. exd5 Rxd5 68. Ke4 Rd8 69. Kxe5 Rc8 70. Kd5 a5 71. Kc4 Ka6 72. Rb1 Rc6 73. Rb2 Rh6 74. Kc3 Rh3+ 75. Kc4 Rh4+ 76. Kc3 a4 77. Rb4 Rxb4 78. Kxb4 a3 79. Kxa3 Kb5 80. Kb3 Kxc5 81. Kc3 b6 82. Kb3 Kb5 83. Kc3 Ka4 84. Kb2 Kb4 85. Ka2 Kc3 86. Ka1 b5 87. Kb1 Kb3 88. Ka1 Ka3 89. Kb1 b4 90. Ka1 b3 91. Kb1 b2 0-1

[Event "XXVI. Rhein-Main-Open, Gruppe A"]
[Site "Bad Homburg vor der Höhe"]
[Date "2024.06.02"]
[Round "7"]
[White "Jenisch, Achim"]
[Black "Gaertner, Johannes"]
[Result "1-0"]
[WhiteElo "1948"]
[BlackElo "1853"]
[PlyCount "53"]
[EventDate "2024.??.??"]
[WhiteTeam "SF Botvinnik Steinsfurt"]
[BlackTeam "Sfr.Mainz 1928"]

1. c4 e5 2. Nc3 Nf6 3. g3 Bb4 4. Bg2 O-O 5. e3 Re8 6. Nge2 c6 7. O-O d5 8. cxd5 cxd5 9. Qb3 Bxc3 10. Nxc3 d4 11. Ne4 Nc6 12. Nc5 Qc7 13. d3 Rb8 14. Bd2 b6 15. Ne4 Nxe4 16. Bxe4 Bb7 17. Rac1 Qd7 18. Qa4 Rbc8 19. Rc2 f5 20. Qb3+ Kh8 21. Bg2 dxe3 22. fxe3 Rcd8 23. Bh3 g6 24. Rfc1 Qxd3 25. Qf7 Nd4 26. Rc7 Ne2+ 27. Kf2 1-0

[Event "XXVI. Rhein-Main-Open, Gruppe A"]
[Site "Bad Homburg vor der Höhe"]
[Date "2024.06.02"]
[Round "7"]
[White "Koehlich, Viktor"]
[Black "Nagel, Daniel"]
[Result "0-1"]
[WhiteElo "1798"]
[BlackElo "1928"]
[PlyCount "126"]
[EventDate "2024.??.??"]
[WhiteTeam "SC Matt im Park Ffm"]
[BlackTeam "SF Neuberg"]

1. d4 Nf6 2. Nf3 g6 3. Bf4 Bg7 4. e3 d6 5. h3 O-O 6. Be2 Nbd7 7. O-O Re8 8. a4 a5 9. c3 c6 10. Bg3 h6 11. Nbd2 Nf8 12. Rb1 Bf5 13. Rc1 g5 14. Ne1 Ng6 15. Bd3 Bxd3 16. Nxd3 Qd7 17. c4 Qf5 18. Nb3 Ne4 19. Bh2 Qd7 20. f3 Nf6 21. Qd2 h5 22. Nf2 Bh6 23. g4 Nh4 24. Nh1 hxg4 25. hxg4 Bg7 26. Ng3 Qd8 27. e4 Nh7 28. Nh5 e5 29. Nxg7 Kxg7 30. dxe5 Qb6+ 31. Nd4 dxe5 32. c5 Qb4 33. Qxb4 axb4 34. Nc2 Rxa4 35. b3 Ra2 36. Nxb4 Rg2+ 37. Kh1 f6 38. Rc2 Rxc2 39. Nxc2 Rd8 40. Nb4 Rd4 41. Nc2 Rd3 42. b4 Nxf3 43. Bg1 Rc3 44. Ne3 Nd4 45. Rb1 Nf8 46. Kg2 Nfe6 47. Kf2 Nf4 48. Nf5+ Nxf5 49. gxf5 Nh3+ 50. Kg2 Nxg1 51. Kxg1 Kh6 52. Kf2 g4 53. Rd1 Kg5 54. Rd7 Kf4 55. Rxb7 Rc2+ 56. Ke1 g3 57. Kd1 Rb2 58. b5 g2 59. Rg7 cxb5 60. c6 Rb1+ 61. Kc2 g1=Q 62. Rxg1 Rxg1 63. c7 Rg8 0-1

[Event "XXVI. Rhein-Main-Open, Gruppe A"]
[Site "Bad Homburg vor der Höhe"]
[Date "2024.06.02"]
[Round "7"]
[White "Krause, Jonah"]
[Black "Henrich, Thomas"]
[Result "1-0"]
[WhiteElo "2345"]
[BlackElo "2087"]
[PlyCount "59"]
[EventDate "2024.??.??"]
[WhiteTeam "FC ST.Pauli 1910 eV SAbt"]
[BlackTeam "SK Marburg 1931/72"]

1. d4 Nf6 2. c4 d6 3. Nf3 Nbd7 4. Nc3 e5 5. e4 Be7 6. Be2 O-O 7. O-O c6 8. Re1 Re8 9. Rb1 exd4 10. Nxd4 Nc5 11. Bf3 a5 12. b3 Bf8 13. h3 h6 14. Bf4 Nfd7 15. Bg3 Ne5 16. Be2 Qf6 17. Rc1 g5 18. Nf3 Ng6 19. Nh2 Nxe4 20. Nxe4 Rxe4 21. Qd2 Nf4 22. Bg4 Rd4 23. Qc3 Bg7 24. Re8+ Bf8 25. Bxf4 Bxg4 26. Rxa8 Rd1+ 27. Nf1 Qxc3 28. Rxc3 Be2 29. Bxd6 Rxd6 30. Re3 1-0

[Event "XXVI. Rhein-Main-Open, Gruppe A"]
[Site "Bad Homburg vor der Höhe"]
[Date "2024.06.02"]
[Round "7"]
[White "Kuhn, Gerhard"]
[Black "Rabiya, Karim"]
[Result "1-0"]
[WhiteElo "1989"]
[BlackElo "1814"]
[PlyCount "55"]
[EventDate "2024.??.??"]
[WhiteTeam "SK Marburg 1931/72"]
[BlackTeam "SK Niederbrechen 1948"]

1. e4 e5 2. Nf3 Nc6 3. Nc3 Nf6 4. Be2 d5 5. exd5 Nxd5 6. O-O Nxc3 7. bxc3 Bd6 8. d4 e4 9. Ng5 Qe7 10. f3 e3 11. Ne4 Bxh2+ 12. Kxh2 Qh4+ 13. Kg1 f5 14. Bxe3 fxe4 15. fxe4 Qxe4 16. Bg5 Qd5 17. Qd2 Be6 18. Rae1 Rf8 19. Bf3 Rxf3 20. Rxf3 Kd7 21. Bh4 h6 22. Bg3 g5 23. Rf6 Re8 24. Rxh6 a5 25. a3 a4 26. Rg6 g4 27. Qf4 Qd6 28. Rg7+ 1-0

[Event "XXVI. Rhein-Main-Open, Gruppe A"]
[Site "Bad Homburg vor der Höhe"]
[Date "2024.06.02"]
[Round "7"]
[White "Lindam, Ingo"]
[Black "Haack, Kevin"]
[Result "0-1"]
[WhiteElo "2180"]
[BlackElo "2286"]
[PlyCount "70"]
[EventDate "2024.??.??"]
[WhiteTeam "SC Hilchenbach"]
[BlackTeam "SV 1920 Hofheim"]

1. d4 f5 2. e4 fxe4 3. Nc3 Nf6 4. Bg5 g6 5. h4 d5 6. h5 Bf5 7. Bxf6 exf6 8. g4 Be6 9. hxg6 Qe7 10. Nge2 Nc6 11. Nf4 O-O-O 12. gxh7 Qd7 13. g5 Bf5 14. g6 Bd6 15. Qd2 e3 16. fxe3 Bxf4 17. exf4 Qe8+ 18. Be2 Qxg6 19. O-O-O Rxh7 20. Rxh7 Qxh7 21. a3 Ne7 22. Re1 Be4 23. Bd3 f5 24. Rg1 Rh8 25. Na4 b6 26. Nc3 Qh6 27. Ba6+ Kb8 28. b4 Qd6 29. Nb5 Qf6 30. Nc3 c5 31. Nxe4 fxe4 32. bxc5 bxc5 33. Qa5 Qxd4 34. Qb5+ Kc7 35. Qa5+ Kd6 0-1

[Event "XXVI. Rhein-Main-Open, Gruppe A"]
[Site "Bad Homburg vor der Höhe"]
[Date "2024.06.02"]
[Round "7"]
[White "Loef, Dirk"]
[Black "Krychevskiy, Dmytro"]
[Result "1/2-1/2"]
[WhiteElo "2060"]
[BlackElo "1944"]
[PlyCount "37"]
[EventDate "2024.??.??"]
[WhiteTeam "Sfr.Heidesheim"]
[BlackTeam "SV Oberursel"]

1. e4 e6 2. d4 d5 3. Nc3 Bb4 4. exd5 exd5 5. Bd3 Nc6 6. Nge2 Nge7 7. O-O Bg4 8. f3 Bh5 9. Ng3 Bg6 10. f4 Bxd3 11. Qxd3 Qd7 12. Nh5 Qg4 13. Qe2 Qxe2 14. Nxe2 O-O 15. f5 f6 16. g4 Rae8 17. Nef4 Nd8 18. Nd3 Bd6 19. Bf4 1/2-1/2

[Event "XXVI. Rhein-Main-Open, Gruppe A"]
[Site "Bad Homburg vor der Höhe"]
[Date "2024.06.02"]
[Round "7"]
[White "Mallmann, Bernd"]
[Black "Shanawaz Thabrez, Shahzaib"]
[Result "1/2-1/2"]
[WhiteElo "1862"]
[BlackElo "1822"]
[PlyCount "54"]
[EventDate "2024.??.??"]
[WhiteTeam "Schulschach IGS Trier e.V."]
[BlackTeam "SK Langen"]

1. c4 Nf6 2. g3 g6 3. Bg2 Bg7 4. e4 d6 5. Nc3 O-O 6. Nge2 e5 7. O-O Nc6 8. d3 Be6 9. h3 Qd7 10. Kh2 Ne7 11. f4 Rad8 12. Rb1 c6 13. b4 exf4 14. Nxf4 d5 15. e5 Ne8 16. cxd5 Nxd5 17. Ncxd5 Bxd5 18. Nxd5 cxd5 19. d4 Nc7 20. Bb2 Ne6 21. b5 Rc8 22. Ba3 Rfe8 23. Bd6 Bf8 24. Bxd5 Bxd6 25. exd6 Qxd6 26. Bxb7 Rc3 27. Rf3 Rxf3 1/2-1/2

[Event "XXVI. Rhein-Main-Open, Gruppe A"]
[Site "Bad Homburg vor der Höhe"]
[Date "2024.06.02"]
[Round "7"]
[White "Martin, Reiner"]
[Black "Drill, Frank"]
[Result "1/2-1/2"]
[WhiteElo "1930"]
[BlackElo "2013"]
[PlyCount "20"]
[EventDate "2024.??.??"]
[WhiteTeam "SC Bad Soden"]
[BlackTeam "SF Neuberg"]

1. d4 d6 2. Bg5 c6 3. e4 Nd7 4. c4 Ngf6 5. Nc3 e5 6. d5 h6 7. Be3 Be7 8. f3 Nh5 9. Nh3 g5 10. Nf2 a6 1/2-1/2

[Event "XXVI. Rhein-Main-Open, Gruppe A"]
[Site "Bad Homburg vor der Höhe"]
[Date "2024.06.02"]
[Round "7"]
[White "Mayer, Frank"]
[Black "Pichl, Michael"]
[Result "1-0"]
[WhiteElo "2009"]
[BlackElo "1860"]
[PlyCount "49"]
[EventDate "2024.??.??"]
[WhiteTeam "Wiesbadener SV 1885"]
[BlackTeam "SV Empor Erfurt"]

1. e4 c5 2. Nc3 g6 3. f4 Bg7 4. Nf3 a6 5. a4 Nc6 6. Bc4 d6 7. O-O Nf6 8. d3 O-O 9. Qe1 Nd4 10. Nxd4 cxd4 11. Ne2 d5 12. exd5 Nxd5 13. Ng3 e6 14. Ne4 b6 15. g4 Bb7 16. f5 exf5 17. gxf5 Ne3 18. fxg6 Bxe4 19. gxf7+ Kh8 20. Bxe3 dxe3 21. dxe4 Rc8 22. Bb3 Rc6 23. Kh1 Bxb2 24. Rd1 Qg5 25. Rg1 1-0

[Event "XXVI. Rhein-Main-Open, Gruppe A"]
[Site "Bad Homburg vor der Höhe"]
[Date "2024.06.02"]
[Round "7"]
[White "Milov, Leonid"]
[Black "Carow, Johannes"]
[Result "1/2-1/2"]
[WhiteElo "2424"]
[BlackElo "2455"]
[PlyCount "20"]
[EventDate "2024.??.??"]
[WhiteTeam "SC Noris-Tarrasch Nürnberg 1873"]
[BlackTeam "Sfr.Heidesheim"]

1. d4 Nf6 2. c4 g6 3. g3 Bg7 4. Bg2 O-O 5. Nc3 Nc6 6. h3 d6 7. Nf3 d5 8. cxd5 Nxd5 9. O-O Bf5 10. Nd2 Ndb4 1/2-1/2